Entry Nombre personal
001 - NÚMERO DE CONTROL
- campo de control: 17928
003 - IDENTIFICADOR DE NÚMERO DE CONTROL
- campo de control: SpMaBN
005 - FECHA Y HORA DE LA ÚLTIMA TRANSACCIÓN
- campo de control: 20230524133324.0
008 - ELEMENTOS DE DATO DE LONGITUD-FIJA
- campo de control de longitud fija: 901120nn aijnnaabn n aaa
016 ## - NÚMERO DE CONTROL DE UNA AGENCIA BIBLIOGRÁFICA NACIONAL
- Número de control del registro: BNE19900004486
024 7# - IDENTIFICADOR DE OTROS ESTÁNDARES
- Número estándar o código: http://www.wikidata.org/entity/Q5858066
- Fuente: wikidata
024 7# - IDENTIFICADOR DE OTROS ESTÁNDARES
- Número estándar o código: http://viaf.org/viaf/117378683/
- Fuente: viaf
024 7# - IDENTIFICADOR DE OTROS ESTÁNDARES
- Número estándar o código: https://isni.org/isni/0000000084140270
- Fuente: isni
040 ## - FUENTE DE CATALOGACIÓN
- Centro catalogador/agencia de origen: SpMaBN
- Lengua de catalogación: spa
- Centro/agencia transcriptor: SpMaBN
- Normas de descripción: rdc
- Convención/Normas de encabezamiento de materia/tesauro: embne
046 ## - FECHAS CON CODIFICACIÓN ESPECIAL
- Fecha de nacimiento: 1934
- Fecha de la muerte: 2017
100 1# - ENCABEZAMIENTO-NOMBRE DE PERSONA
- Nombre de persona: Abad León, Felipe,
- Fechas asociadas al nombre: 1934-2017
370 ## - LUGAR ASOCIADO
- Lugar de nacimiento: España, La Rioja (Comunidad Autónoma), Arnedo
- Fuente del término: embne
370 ## - LUGAR ASOCIADO
- Lugar de fallecimiento: España, La Rioja (Comunidad Autónoma), Logroño
- Fuente del término: embne
370 ## - LUGAR ASOCIADO
- Lugar de nacimiento: Real Academia de la Historia (España)
- Lugar de nacimiento: Real Academia Español
- Fuente del término: embnea
- Lugar de nacimiento: bne
373 ## - GRUPO ASOCIADO
- Grupo asociado: Real Academia de la Historia
- Fuente de información: Wikidata
374 ## - OCUPACIÓN
- Ocupación: Sacerdotes
- Ocupación: Historiadores
- Fuente del término: embne
375 ## - GÉNERO/SEXO
- Género: Masculino
377 ## - IDIOMA ASOCIADO
- Término de lengua/lenguaje: Español
670 ## - FUENTE DE DATOS ENCONTRADOS
- Cita de la fuente: México y La Rioja, 1987;
- Información encontrada: (Felipe Abad León)
670 ## - FUENTE DE DATOS ENCONTRADOS
- Cita de la fuente: WWW Wikipedia, 22-3-2018;
- Información encontrada: (Felipe Abad León; Arnedo, 1 de mayo de 1934 - Logroño, 6 de noviembre de 2017; sacerdote e historiador español; cronista oficial de La Rioja y académico correspondiente de las Reales Academias de la Historia y Española)
- Identificador Uniforme de Recursos: https://es.wikipedia.org/wiki/Felipe_Abad_Le%C3%B3n
670 ## - FUENTE DE DATOS ENCONTRADOS
- Cita de la fuente: WWW Bn España aut., 24-5-2023
- Información encontrada: (Abad León, Felipe,1934-2017)
856 4# - LOCALIZACIÓN Y ACCESO ELECTRÓNICOS
- Identificador Uniforme de Recursos: https://dialnet.unirioja.es/servlet/autor?codigo=201254
955 ## - CATALOGADOR - EDICIÓN
- Nombre del catalogador: Julia Mas Vieira
